00944nam a2200205 a 450000100100000000500170001000800410002704000250006808200150009310000420010824501610015026000350031130000270034670000450037371000560041891000150047495201190048995201130060899900170072100001703620200929165017.0100316s1978 dr a 000 0 spa d aDO-SdBNPbspacBNPHU axxxbD542r1 aDíaz Fernández, Osvaldo E.93759410aRégimen de las escuelas de formación laboral acelerada en la República Dominicana /cOsvaldo E. Díaz Fernández; prólogo J. Manuel Clemente Ruiz. aSanto Domingo :bSUGEL,c1978. a48 p. :bil. ;c21 cm.1 aClemente Ruiz, J. Manuelepról.9375952 aSupervisoría General de Escuelas Laborales937596 aEn proceso 0010718PDaPDbPDcCTd2010-03-16iLF1l0oxxx D542rp17036-10r2020-06-25te. 2w2020-06-25yLFPDZNo se presta 0010718PDaPDbPDcCTd2010-03-16iLF1l0oxxx D542rp17036-20r2020-06-25w2020-06-25yLFPDZNo se presta c16562d16562